U.S. Triple Crown Horses - Statistics

General Stats
  • This quiz has been taken 5,021 times
    3,029 since last reset
  • The average score is 5 of 13
Answer Stats
Year Hint Horse % Correct
1973 Office Worker Secretariat
90%
2015 Egypt American Pharoah
64%
2018 Rationalize Justify
64%
1977 Puget Sound Seattle Slew
53%
1978 Said Yes Affirmed
48%
1937 Navy Honcho War Admiral
43%
1948 Traffic Violation Citation
36%
1941 Spin Whirlaway
27%
1935 Great Plains Omaha
25%
1919 Knight Sir Barton
25%
1943 Say Numbers Quicky Count Fleet
23%
1946 Certain Crime Assault
22%
1930 Brave Animal Gallant Fox
22%
No matching quizzes found
Score Distribution
Percent of People with Each Score
Percentile by Number Answered
Your Score History
You have not taken this quiz since the last reset